Countries with largest Sikh population - Statistics

General Stats
  • This quiz has been taken 45 times
  • The average score is 7 of 10
Answer Stats
POP Answer % Correct
22mill India
95%
650000 Canada
93%
430000 UK
93%
250000 USA
93%
72000 Australia
86%
100000 Bangladesh
67%
100000 Malaysia
55%
68000 Kenya
40%
61000 Tanzania
38%
65000 Uganda
38%
No matching quizzes found
Score Distribution
Percent of People with Each Score
Percentile by Number Answered
Your Score History
You have not taken this quiz